000 00283nam a2200121Ia 4500
005 20251222141932.0
008 251222s9999||||xx |||||||||||||| ||spa||
082 _a843.54/Q82
100 _a"Quoist, Michel"
245 0 _aDAR: el diario de Ana MarĂ­a
250 _a2a.ed.
942 _cLIB
999 _c9062
_d9062